000 00939nam a22002177a 4500
999 _c3541
_d3541
003 AR-CdUCM
008 190306b ||||| |||| 00| 0 spa d
020 _a9972-42-141-4
040 _aMUNICIPALIDAD PROVINCIAL DEL CUSCO
_cBIBLIOTECA MUNICIPAL DEL CUSCO
082 _a344.2 /
_bM38
100 _aMeini Méndez, Iván
_911606
245 _aLa Responsabilidad Penal de las Personas Jurídicas /
260 _aPerú :
_bFondo Editorial de la Pontificia Universidad Católica del Perú ,
_c1999.
300 _a252 páginas ;
_c20.5 cm.
505 _aContenido : Derecho Penal Economico y Persona Juridica -- Cuestiones de índole legal y cuestiones dogmáticas sobre societas delinquere non potest -- Cuestiones de índole politico-criminal sobre el societas delinquere non potest...
650 _aPersona Juridica
_911607
650 _aRegistros Publicos
_911608
650 _aCodigo Penal
_911609
942 _2ddc
_cLIBROS
945 _artm